000 00191nam a22000857a 4500
001 1243045
005 20251016094239.0
245 _aKORSAN KIZLAR
_cİSMET BERTAN
260 _bGÜNIŞIĞI YAYINLARI
999 _c1243045
_d1243045